Statistics for All Sunderland premier league goalscorers

Click here to take the quiz!

General Stats

  • This quiz has been taken 116 times
  • The average score is 37 of 100

Answer Stats

No. of GoalsAnswer% Correct
16Jermain Defoe
95%
61Kevin Phillips
91%
32Darren Bent
85%
29Niall Quinn
84%
1Stern John
82%
19Adam Johnson
81%
1Billy Jones
80%
26Kenwyne Jones
80%
12Seb Larsson
77%
3John O'Shea
76%
1Wes Brown
72%
2Lee Cattermole
66%
23Steven Fletcher
65%
10Fabio Borini
62%
3Ki Sung-Yueng
62%
10Asamoah Gyan
58%
3Patrick Van Aanholt
57%
7Phil Bardsley
53%
11Craig Gardner
51%
6Danny Welbeck
51%
10Djibril Cisse
51%
4Jack Colback
50%
14Kieran Richardson
50%
11Connor Wickham
49%
8Michael chopra
49%
1Whabi Khazri
49%
4Jordan Henderson
47%
1Steed Malbranque
47%
1Dwight Yorke
46%
17Stephane Sessegnon
46%
5Michael Gray
45%
4Bolo Zenden
43%
2Ji Dong-Won
42%
3Kevin Ball
42%
4Dean Whitehead
41%
2Jeremain Lens
41%
4Daryl Murphy
39%
1Jozy Altidore
39%
4Julio Arca
39%
2Duncan Watmore
38%
8Nicklas Bendtner
38%
4Andy Reid
35%
1Danny Rose
35%
4Grant Leadbitter
35%
3Jack Rodwell
34%
1Nicky Summerbee
34%
2Michael Turner
32%
7James McClean
31%
8Kevin Kilbane
31%
1Marcus Stewart
31%
4Paul Stewart
31%
8Gavin McCann
30%
1Liam Miller
30%
3Tommy Miller
30%
1Yann M'Vila
30%
7Alex Rae
28%
1Danny Graham
28%
3Liam Lawrence
28%
3Michael Bridges
28%
2Stephen Elliot
28%
3Danny Collins
27%
1Jon Stead
27%
2Darren Williams
26%
4Tore Andre Flo
24%
4Emanuele Giaccherini
23%
6Fraizer Campbell
23%
2Jody Craddock
23%
1Kevin Kyle
23%
3Claudio Reyna
22%
1Dame N'Doye
22%
1Danny Dichio
22%
1Rade Prica
22%
3stefan Schwarz
22%
1Anthony Stokes
20%
1Ahmed Elmohamady
18%
4Craig Russell
18%
8Don Hutchison
18%
2Emerson Thome
18%
4Jordi Gomez
18%
2Richard Ord
18%
1Dickson Etuhu
16%
3Jason McAteer
16%
1Paul Butler
16%
1Rory Delap
16%
1Carlos Cuellar
15%
3Danny Higginbotham
15%
1David Bellion
15%
2Michael Proctor
15%
1Patrice Carteron
15%
2Ross Wallace
15%
1Sean Thornton
15%
1Stanislav Varga
15%
2Andy Melville
14%
1Michael Reddy
14%
1Patrick Mboma
14%
1Chris Makin
12%
1Justin Hoyte
12%
2Steve Agnew
12%
3David Vaughan
11%
3Anthony La Tallec
7%

Score Distribution

Percentile by Number Answered

Percent of People with Each Score

Your Score History

You have not taken this quiz